000 00853nam a2200253 i 4500
001 106854
003 ES-MaACL
005 20250927115452.0
007 t|
008 070105s1968 fr ||||1| fre d
080 _a840 Rabelais, François 1.06:2
080 _a211"15"
100 1 _aFebvre, Lucien,
_d1878-1956
_949047
245 1 3 _aLe problème de l'incroyance au XVIe siècle
_b: la religion de Rabelais /
_cLucien Febvre.
260 _aParis :
_bAlbin Michel,
_c[1968]
300 _a511 p. ;
_c18 cm.
490 1 _aL'Evolution de l'humanité
500 _aBiblioteca Jacinto Martínez Lacalle.
600 1 4 _aRabelais, François,
_dca. 1494-1553-
_xReligión
_994858
650 1 4 _aAteismo-
_yS.XVI.
_910396
830 0 _aL'Evolution de l'humanité
_9181507
852 _aES-MaACL
_jE-11492
_bR.139562
999 _c106854
_d106854